Statistics for UEFA Member Clubs Map

Click here to take the quiz!

General Stats

  • This quiz has been taken 77 times
  • The average score is 33 of 54

Answer Stats

Answer % Correct
Italy
97%
Spain
93%
France
92%
Portugal
92%
Germany
92%
England
92%
Denmark
89%
Scotland
89%
Netherlands
89%
Russia
87%
Sweden
85%
Switzerland
85%
Turkey
84%
Belarus
84%
Ukraine
80%
Belgium
80%
Greece
79%
Czech Republic
77%
Austria
77%
Romania
75%
Serbia
74%
Croatia
72%
Cyprus
72%
Ireland
69%
Poland
67%
Bulgaria
66%
Georgia
62%
Faroe Islands
59%
Iceland
59%
Norway
57%
Finland
56%
Albania
56%
Latvia
54%
Israel
54%
Kazakhstan
52%
Bosnia &
Herzegovina
49%
Slovenia
49%
Wales
46%
Slovakia
44%
Montenegro
44%
Malta
41%
Hungary
41%
Estonia
41%
Armenia
41%
Northern Ireland
39%
Azerbaijan
39%
Luxembourg
34%
Moldova
33%
Gibraltar
33%
Andorra
30%
San Marino
26%
Lithuania
21%
Kosovo
21%
North Macedonia
21%

Score Distribution

Percentile by Number Answered

Percent of People with Each Score

Your Score History

You have not taken this quiz